| 000 | 00451cam a2200181ua 4500 | ||
|---|---|---|---|
| 020 | _a85166 103 4 | ||
| 041 |
_aeng _h |
||
| 082 |
_a633.73 _bCLA/CO |
||
| 100 | _aClarke, R J . | ||
| 245 |
_aCoffee vol-5: related beverages / _cR J Clarke. _hTextual Documents |
||
| 260 |
_aLondon : _bElsevier applied sciences. |
||
| 300 | _a214 ; . | ||
| 500 | _a** Reference | ||
| 504 | _a | ||
| 700 | 1 | _aMacrae, R . | |
| 942 | _cBK | ||
| 999 |
_c10489 _d10489 |
||